01713cam a22004694i 4500003000900000005001700009008004100026020001500067035002700082040003300109049000900142082001900151100003400170245010800204264005500312300003800367336002100405337002500426338002300451490004200474505004500516526001000561526001000571526001000581526001000591526000800601526000800609526000800617526000800625526000800633526000800641526000800649630003900657910001800696942001400714949012900728994001400857596000600871999015400877980005501031952015701086PE-LiUPU20250731173454.0150616s r 000 0 d a0567050211 a(Sirsi) i9780567050212 aPE-LiUPUbspacPE-LiUPUerda aPRUA04a220.7bICC2211 aAllen, Willoughby C.,eautor.12aA critical and exegetical commentary on the gospel according to St. Mattew.n40 /cWilloughby C. Allen. 1aEdinburgh, Gran Bretaña :bT. & T. Clark,c1993. a352 páginas ;c21 centímetros atext2rdacontent aunmediated2rdamedia avolume2rdacarrier0 aThe International Critical Commentary0 aComentarios sobre el evangelio de Mateo. aSEG42 aSEG41 aSEG40 aSEG39 aP94 aP87 aP86 aP85 aP77 aP76 aP35 aBiblia.pN.T.pMateoxComentarios. ajckbjvqcjck 2ddccBOOK a220.7 ICC 40wDEWEYc1i39906lCCODEBUL1mBULr0sYtBOOKu2015-6-16xTEOLOGIAzUNKNOWN0COMPRAo.STAFF. Colección General aC0bPEPRU a1 a220.7 ICC 40wDEWEYc57678i39906f2021-11-9g5lCCODEBUL1mBULr0sYtBOOKu2015-6-16xTEOLOGIAzUNKNOWN0COMPRAo.STAFF. Colección Generald57678 81gALBERTO SANCHEZ Responsable de Automatización r2025-12-02 00:00:00i6l0o220.7 ICC 40p39906te1w2015-06-16xPGyBKzinventario-2023-12-13102ddc50708GENfP86aBULbBULcGENd2015-06-16eCOMPRA